Analýza finančnej situácie podniku zameraná na analýzu výsledku hospodárenia diplomová práca

Saved in:
Bibliographic Details
Main Author: Romanová, Zuzana
Corporate Author: Fakulta podnikového manažmentu EU. Katedra podnikových financií
Other Authors: Tóthová, Alena, 1968-
Format: Book
Language:Slovak
Published: Bratislava 2011
Tags: Add Tag
No Tags, Be the first to tag this record!

MARC

LEADER 00000nbm a2200000 4500
001 0131425
005 20161109101702.6
041 0 |a slo 
044 |a SK 
245 1 0 |a Analýza finančnej situácie podniku zameraná na analýzu výsledku hospodárenia  |b diplomová práca  |c Zuzana Romanová ; školiteľ: Alena Tóthová 
264 1 |a Bratislava  |c 2011 
300 |a 71 s. 
100 1 |a Romanová, Zuzana 
700 1 |a Tóthová, Alena, 1968- 
710 2 |a Fakulta podnikového manažmentu EU. Katedra podnikových financií